| 000 | 00695cam a2200241 a 4500 | ||
|---|---|---|---|
| 005 | 20260322212009.0 | ||
| 008 | data | ||
| 010 | _a 94032745 | ||
| 020 | _a0785280065 (pbk.) | ||
| 020 | _a9780785280064 (pbk.) | ||
| 040 |
_aDLC _cDLC _dDLC |
||
| 050 | 0 | 0 |
_aBV4501.2 _b.M4728 1995 |
| 082 | 0 | 0 |
_a248.4 _220 |
| 092 | _a248.4 M4728 1995 | ||
| 100 | 1 | _aMiller, Calvin. | |
| 245 | 1 | 0 |
_aWalking with saints : _bthrough the best and worst times of our lives / _cCalvin Miller. |
| 260 |
_aNashville : _bT. Nelson, _cc1995. |
||
| 300 |
_axxxv, 246 p. ; _c24 cm. |
||
| 504 | _aIncludes bibliographical references (p. 237-246). | ||
| 650 | 0 | 0 | _aChristian life. |
| 650 | 0 | 0 | _aChristian saints. |
| 001 | data | ||
| 999 |
_c169 _d169 |
||